Loading...
| Fine Arts - Painting and Sculpture | 2 | 3 | 1 | 0 | 55 | 45 | 73.40 | 1 | 5 | 0.00 | 0.00 |
| Science - Chemistry | 2 | 3 | 1 | 0 | 55 | 40 | 91.40 | 1 | 3 | 0.00 | 0.00 |
| Science - Physics | 0 | 6 | 1 | 0 | 55 | 71 | 105.17 | 0 | 5 | 0.00 | 0.00 |
| Short Fiction and Other | 1 | 2 | 0 | 0 | 35 | 30 | 80.00 | 1 | 2 | 0.00 | 0.00 |
| Social Science | 1 | 2 | 1 | 1 | 30 | 74 | 114.00 | 1 | 1 | 0.00 | 0.00 |
| Fine Arts - Other | 1 | 2 | 1 | 0 | 30 | 54 | 94.00 | 3 | 3 | 0.00 | 0.00 |
| Literature - Long Fiction | 1 | 2 | 1 | 0 | 30 | 54 | 95.33 | 1 | 2 | 0.00 | 0.00 |
| Science - Other | 1 | 1 | 0 | 0 | 25 | 61 | 90.50 | 0 | 2 | 0.00 | 0.00 |
| Science - Biology | 0 | 3 | 2 | 0 | 20 | 94 | 103.00 | 0 | 2 | 0.00 | 0.00 |
| Philosophy | 0 | 2 | 0 | 0 | 20 | 78 | 87.00 | 0 | 2 | 0.00 | 0.00 |
| Current Events | 1 | 0 | 0 | 0 | 15 | 31 | 31.00 | 1 | 1 | 0.00 | 0.00 |
| History - Other | 1 | 0 | 0 | 0 | 15 | 44 | 44.00 | 0 | 1 | 0.00 | 0.00 |
| Literature - Drama | 1 | 0 | 0 | 0 | 15 | 47 | 47.00 | 1 | 1 | 0.00 | 0.00 |
| Religion | 0 | 1 | 0 | 1 | 10 | 148 | 148.00 | 0 | 0 | 0.00 | 0.00 |
| Other Academic | 0 | 1 | 0 | 0 | 10 | 106 | 106.00 | 0 | 0 | 0.00 | 0.00 |
| Literature - Short Fiction | 0 | 1 | 0 | 0 | 10 | 120 | 120.00 | 0 | 0 | 0.00 | 0.00 |
| Fine Arts - Classical Music | 0 | 1 | 0 | 0 | 10 | 65 | 65.00 | 0 | 0 | 0.00 | 0.00 |
| Literature - Poetry | 0 | 1 | 1 | 0 | 5 | 92 | 92.00 | 0 | 0 | 0.00 | 0.00 |
| Science - Math | 0 | 0 | 1 | 0 | -5 | 0.00 | 0 | 0 | 0.00 | 0.00 |